| 000 | 00820-am-a2200217-a-4500 | ||
|---|---|---|---|
| 001 | 000076302 | ||
| 003 | AM-YEHGA | ||
| 005 | 20250617121756.0 | ||
| 008 | 991007s1975 ru ||||| |||| 00| 0 rus d | ||
| 040 | _aAM-YeHGA | ||
| 041 | 0 | _arus | |
| 245 | 0 | 0 |
_aГенетика и селекция гороха / _cАН СССР. Ин-т цитологии и генетики ; Отв. ред. В.В. Хвостова. |
| 260 |
_aНовосибирск : _bНаука. Сиб. отд-ние, _c1975. |
||
| 300 |
_a268 с. : _bил. |
||
| 650 | 1 | 4 |
_aГорох _xГенетика |
| 650 | 1 | 4 |
_aГорох _xСелекция |
| 700 | 1 |
_aХвостова, Вера Вениаминовна _eред. _4edt |
|
| 710 | 2 | _aИнститут цитологии и генетики АН СССР | |
| 942 |
_2udc _cBK |
||
| 090 | _c23385 | ||
| 999 |
_c23109 _d23109 |
||